Guess the Capital City from Flag 9 - Statistics

General Stats
  • This quiz has been taken 30 times
  • The average score is 13 of 20
Answer Stats
Picture Answer % Correct
London
100%
Cairo
91%
Beirut
86%
Prague
86%
Wellington
82%
Dhaka
73%
Muscat
73%
Sarajevo
73%
Reykjavik
68%
Dakar
64%
São Tomé
64%
Accra
59%
Antananarivo
59%
Dushanbe
59%
Harare
59%
Kinshasa
59%
Asmara
55%
Honiara
45%
Praia
45%
Porto-Novo, Cotonou
41%
No matching quizzes found
Score Distribution
Percent of People with Each Score
Percentile by Number Answered
Your Score History
You have not taken this quiz